00462nam a2200121Ia 4500008004100000082001400041100002100055245007500076260003300151365000600184630007500190730007500265100415s9999 xx 000 0 und d b2084a580 aOliver Profesor aIllustrations of the Principal Natural Orders of the Vegetable Kingdom aLONDONc1874bCHAPMAN & HALL b0 aIllustrations of the Principal Natural Orders of the Vegetable Kingdom aIllustrations of the Principal Natural Orders of the Vegetable Kingdom